00657nam a2200205Ia 450000500170000000800410001704000190005804100120007708200160008924500900010526000340019530000150022950400190024465000230026365100330028685000100031994200070032999900170033695200980035320230225102437.0131103s9999 xx 000 0 und d aLoreto College aEnglish a821.08bGRI 4aThe Oxford Book of Seventeenth Century Versecchosen by H.J.C.Grierson and G.Bullough aOxfordbClarendon Pressc1934 axv,974 p.  aIncludes index aEnglish Literature aEnglish Poetry - Collections aLCLIB cBK c13100d63579 00102ddc4070aMAINbMAINd2013-11-04l0o821.08 GRI pB13107r2013-11-04w2013-11-04yBKf